000 00545nam a2200181 4500
001 136659
003 ES-MaACL
005 20250928113711.0
007 t|
008 070214s1963 ag r ||||1| spa d
100 1 _aSagan, Françoise.
_9101401
245 1 0 _aBuenos días tristeza /
_cFrançoise Sagan ; traducción de Noel Clarasó.
260 _aBuenos Aires :
_bPlaza & Janés,
_c1963.
300 _a153 p. ;
_c19 cm.
700 1 _aClarasó, Noel,
_d1899-1985
_939003
852 _aES-MaACL
_jC-23894
_bR.52182
999 _c136659
_d136659